Every Lionel Richie Song on the Billboard Hot 100 - Statistics

General Stats
  • This quiz has been taken 71 times
  • The average score is 9 of 20
Answer Stats
# Year Song % Correct
2 1986 Dancing On The Ceiling
86%
1 1984 Hello
84%
1 1983 All Night Long (All Night)
81%
1 1985 Say You, Say Me
74%
1 1981 Endless Love (Diana Ross)
71%
1 1982 Truly
71%
8 1984 Penny Lover
60%
3 1984 Stuck On You
59%
4 1983 You Are
57%
7 1987 Ballerina Girl
48%
7 1984 Running With The Night
48%
5 1983 My Love
36%
21 1992 Do It To Me
28%
9 1986 Love Will Conquer All
24%
20 1987 Se La
24%
71 1987 Deep River Woman
21%
70 2001 Angel
17%
62 2006 I Call It Love
5%
92 2004 Just For You
3%
39 1996 Don't Wanna Lose You
2%
No matching quizzes found
Score Distribution
Percent of People with Each Score
Percentile by Number Answered
Your Score History
You have not taken this quiz